Imatges d'Empúries ; [fotografies: Simeón Saiz ... [et al.] ; coordinació: Jordi Pardo] Simeón Saiz ... [et al.] ; coordinació:
ISBN:
84-8156-006-5
Descripción Física:
114 p. : principalment il. (algunes col.) ; 29 cm
MARC
| LEADER | 00000nam a2200000Ia 4500 | ||
|---|---|---|---|
| 001 | 17015 | ||
| 008 | 160829s9999 xx 000 0 cat d | ||
| 020 | |a 84-8156-006-5 | ||
| 080 | |a H-2-303 | ||
| 245 | |a Imatges d'Empúries ; [fotografies: |b Simeón Saiz ... [et al.] ; coordinació: |b Jordi Pardo] | ||
| 260 | |a Barcelona : |b Empúries : |b Electa, DL 1993 | ||
| 300 | |a 114 p. : |b principalment il. (algunes col.) ; |c 29 cm | ||
| 590 | |a Edició especial per a la Diputació de Barcelona | ||
| 650 | |a Antiguitats (Arqueologia) |9 31078 | ||
| 650 | |a Empúries (Escala : Jaciment arqueològic) |x Llibres de làmines I |9 30768 | ||
| 651 | 0 | |a Empúries (Ciutat antiga) |9 54667 | |
| 651 | 0 | |a Empúries (Ciutat antiga) |x Història |9 55526 | |
| 700 | |a Pardo i Rodríguez, Jordi, coord. |9 30770 | ||
| 700 | |a Saiz, Simeón, fot. |9 30771 | ||
| 710 | 2 | |a Conjunt Monumental d'Empúries |9 54669 | |
| 901 | |a Arxiu | ||
| 942 | |n 1 | ||
| 952 | |0 0 |1 0 |4 0 |6 H2303 |7 1 |9 45520 |a Arxiu |b Arxiu |d 2016-12-01 |l 0 |o H-2-303 |p 17015 |r 2016-12-01 00:00:00 |w 2016-12-01 |y ARXIU | ||
| 999 | |c 48685 |d 48685 | ||